Suomenkieliset naisten nimet - Statistics

Yleistilastot
  • Tätä visaa on pelattu 25 620 kertaa
    6 148 viimeisimmän päivityksen jälkeen
  • Keskiarvotulos 175 / 495
Vastaustilastot
Group A % Oikein
G1 Anni
91%
G1 Anna
86%
G10 Mari
84%
G1 Aada
81%
G1 Aino
79%
G1 Anne
77%
G5 Hanna
76%
G6 Iida
75%
G3 Ella
74%
G8 Kukka-Maaria
74%
G10 Marja
74%
G9 Liisa
73%
G3 Elli
72%
G10 Maria
72%
G3 Emma
70%
G6 Iina
70%
G7 Jenni
69%
G3 Emilia
68%
G15 Saara
68%
G16 Tiina
68%
G1 Aava
67%
G3 Elina
67%
G3 Emmi
67%
G12 Oona
67%
G3 Enni
66%
G5 Helmi
66%
G7 Julia
66%
G12 Olivia
66%
G15 Sanni
66%
G7 Jenna
65%
G8 Kaisa
65%
G10 Minna
65%
G15 Sanna
65%
G15 Sara
65%
G17 Ulla
65%
G1 Alissa
64%
G7 Jaana
64%
G9 Laura
64%
G9 Leena
64%
G3 Eeva
63%
G9 Liina
63%
G11 Niina
63%
G11 Noora
63%
G15 Sofia
63%
G1 Alina
62%
G1 Alisa
62%
G16 Tuuli
62%
G18 Vilma
62%
G4 Fanni
61%
G5 Henna
61%
G7 Juuli
61%
G10 Maija
61%
G1 Aamu
60%
G7 Johanna
60%
G10 Milla
60%
G15 Saana
60%
G3 Essi
59%
G4 Fiona
59%
G6 Ilona
59%
G18 Veera
59%
G18 Venla
59%
G5 Hanne
58%
G15 Sari
58%
G11 Nelli
57%
G13 Paula
57%
G18 Viivi
57%
G1 Amanda
56%
G1 Annika
56%
G3 Elisa
56%
G14 Riina
56%
G15 Siiri
56%
G5 Hilma
55%
G7 Janna
55%
G9 Lotta
55%
G10 Meri
55%
G11 Neea
55%
G13 Pinja
55%
G5 Heli
54%
G7 Jonna
54%
G8 Kerttu
54%
G11 Nella
54%
G13 Piia
54%
G14 Roosa
54%
G1 Anneli
53%
G1 Anniina
53%
G3 Eevi
53%
G6 Iisa
53%
G8 Katri
53%
G10 Miina
53%
G13 Pirjo
53%
G16 Taina
53%
G3 Eerika
52%
G7 Juulia
52%
G14 Ronja
52%
G16 Tarja
52%
G16 Tiia
52%
G5 Hilla
51%
G6 Inka
51%
G7 Janni
51%
G8 Katariina
51%
G11 Nea
51%
G11 Nina
51%
G15 Salla
51%
G5 Heidi
50%
G8 Kirsi
50%
G13 Päivi
50%
G14 Raija
50%
G15 Sonja
50%
G1 Aila
49%
G1 Alma
49%
G3 Elsa
49%
G6 Iiris
49%
G10 Miia
49%
G15 Silja
49%
G15 Sini
49%
G2 Cecilia
48%
G3 Elle
48%
G8 Kiia
48%
G9 Lilja
48%
G10 Maarit
48%
G1 Aliisa
47%
G1 Annu
47%
G5 Helena
47%
G10 Maisa
47%
G15 Senni
47%
G3 Enna
46%
G3 Eveliina
46%
G5 Hannele
46%
G8 Kaarina
46%
G10 Moona
46%
G13 Pauliina
46%
G16 Tanja
46%
G1 Alli
45%
G7 Jasmin
45%
G8 Kiira
45%
G9 Linnea
45%
G10 Merja
45%
G10 Mirja
45%
G14 Riitta
45%
G5 Henni
44%
G8 Katja
44%
G9 Laila
44%
G9 Leila
44%
G10 Miisa
44%
G10 Milja
44%
G11 Ninni
44%
G13 Peppi
44%
G15 Susanna
44%
G15 Suvi
44%
G1 Aili
43%
G1 Aina
43%
G1 Arja
43%
G8 Kristiina
43%
G9 Lumi
43%
G11 Nanna
43%
G14 Riikka
43%
G15 Satu
43%
G1 Annikki
42%
G1 Anu
42%
G3 Elvi
42%
G8 Karoliina
42%
G8 Kukka
42%
G16 Tuija
42%
G2 Bertta
41%
G2 Daniela
41%
G3 Eila
41%
G3 Ellen
41%
G5 Hilda
41%
G8 Kaija
41%
G10 Marika
41%
G13 Pirkko
41%
G14 Reetta
41%
G15 Saaga
41%
G16 Teija
41%
G16 Tuula
41%
G1 Amalia
40%
G1 Asta
40%
G11 Netta
40%
G12 Olga
40%
G14 Ritva
40%
G8 Kati
39%
G9 Lilli
39%
G10 Maaria
39%
G10 Mira
39%
G13 Pihla
39%
G14 Rosa
39%
G1 Aurora
38%
G3 Eija
38%
G6 Iines
38%
G6 Ilta
38%
G6 Irma
38%
G7 Janika
38%
G7 Jemina
38%
G8 Katriina
38%
G10 Marjatta
38%
G10 Marju
38%
G10 Minea
38%
G13 Petra
38%
G15 Senja
38%
G16 Taija
38%
G18 Vilja
38%
G18 Viola
38%
G1 Aini
37%
G1 Annukka
37%
G1 Aura
37%
G2 Birgitta
37%
G3 Elsi
37%
G5 Heini
37%
G6 Isla
37%
G8 Krista
37%
G10 Martta
37%
G10 Matilda
37%
G10 Meeri
37%
G10 Minni
37%
G12 Outi
37%
G14 Raisa
37%
G15 Saija
37%
G15 Seija
37%
G5 Helinä
36%
G5 Hilja
36%
G6 Inna
36%
G7 Janina
36%
G8 Kaisla
36%
G8 Kirsti
36%
G10 Minja
36%
G10 Minttu
36%
G12 Oili
36%
G15 Saimi
36%
G15 Sirpa
36%
G1 Armi
35%
G1 Auli
35%
G6 Inkeri
35%
G6 Irmeli
35%
G9 Linda
35%
G12 Orvokki
35%
G15 Selma
35%
G1 Amelia
34%
G1 Anja
34%
G1 Aune
34%
G5 Hertta
34%
G6 Iita
34%
G7 Jutta
34%
G9 Laina
34%
G10 Maiju
34%
G15 Seela
34%
G16 Taika
34%
G16 Terhi
34%
G16 Tuulia
34%
G16 Tuulikki
34%
G17 Unna
34%
G2 Camilla
33%
G3 Elma
33%
G3 Erja
33%
G10 Mervi
33%
G18 Valma
33%
G1 Airi
32%
G7 Jessica
32%
G9 Lahja
32%
G10 Marianne
32%
G10 Mila
32%
G13 Pilvi
32%
G14 Raili
32%
G14 Reija
32%
G15 Salli
32%
G3 Eini
31%
G3 Elviira
31%
G3 Ester
31%
G6 Ilma
31%
G10 Malla
31%
G10 Marjo
31%
G15 Sinikka
31%
G16 Taru
31%
G1 Aida
30%
G1 Auri
30%
G9 Loviisa
30%
G10 Mona
30%
G14 Ruusu
30%
G1 Aija
29%
G5 Helle
29%
G6 Irja
29%
G7 Josefiina
29%
G9 Lili
29%
G9 Lyydia
29%
G10 Marjaana
29%
G12 Onerva
29%
G15 Saila
29%
G15 Sinna
29%
G15 Soile
29%
G16 Terttu
29%
G17 Unelma
29%
G1 Aleksandra
28%
G1 Anita
28%
G1 Assi
28%
G4 Floora
28%
G5 Hilkka
28%
G7 Jade
28%
G7 Janita
28%
G10 Marita
28%
G10 Marjut
28%
G10 Melina
28%
G14 Riia
28%
G15 Saima
28%
G15 Sylvi
28%
G16 Tilda
28%
G1 Aira
27%
G5 Helga
27%
G5 Hille
27%
G6 Ira
27%
G7 Joanna
27%
G8 Kaisu
27%
G9 Lea
27%
G10 Marianna
27%
G10 Minka
27%
G15 Sisko
27%
G16 Taimi
27%
G16 Tinja
27%
G17 Ulpu
27%
G1 Adele
26%
G1 Ansa
26%
G3 Elena
26%
G3 Esteri
26%
G5 Helli
26%
G5 Hillevi
26%
G6 Irina
26%
G6 Isabella
26%
G7 Jasmiina
26%
G10 Maila
26%
G10 Maire
26%
G10 Mette
26%
G10 Mimosa
26%
G15 Sirkka
26%
G5 Heljä
25%
G7 Janette
25%
G10 Mimmi
25%
G11 Neela
25%
G13 Päivikki
25%
G15 Säde
25%
G15 Sohvi
25%
G16 Tytti
25%
G18 Virpi
25%
G18 Vivian
25%
G3 Eira
24%
G5 Helvi
24%
G5 Heta
24%
G6 Irene
24%
G8 Karita
24%
G9 Leea
24%
G9 Liisi
24%
G10 Melissa
24%
G10 Mirjami
24%
G10 Mirva
24%
G15 Siina
24%
G18 Vanessa
24%
G3 Elisabet
23%
G5 Henriikka
23%
G7 Jatta
23%
G8 Kielo
23%
G10 Meea
23%
G10 Mirka
23%
G15 Soili
23%
G18 Vieno
23%
G1 Anette
22%
G3 Erin
22%
G5 Helka
22%
G8 Kira
22%
G8 Kylli
22%
G9 Lenita
22%
G9 Lila
22%
G10 Maaret
22%
G10 Marjukka
22%
G10 Mirella
22%
G15 Selina
22%
G15 Selja
22%
G15 Siru
22%
G18 Vilhelmiina
22%
G18 Vuokko
22%
G1 Alva
21%
G5 Hellä
21%
G5 Hellevi
21%
G8 Kyllikki
21%
G14 Raila
21%
G14 Reeta
21%
G15 Sylvia
21%
G16 Tea
21%
G16 Tyyne
21%
G1 Aulikki
20%
G6 Impi
20%
G9 Lilia
20%
G9 Lyyli
20%
G10 Milka
20%
G14 Rita
20%
G3 Eliisa
19%
G3 Elise
19%
G6 Inari
19%
G10 Maikki
19%
G14 Rauha
19%
G15 Sandra
19%
G15 Sarita
19%
G16 Tessa
19%
G17 Ursula
19%
G18 Vappu
19%
G18 Varpu
19%
G1 Auni
18%
G3 Elmi
18%
G6 Ilmatar
18%
G9 Lempi
18%
G10 Maili
18%
G10 Matleena
18%
G13 Pirita
18%
G14 Ruut
18%
G15 Sointu
18%
G16 Titta
18%
G1 Anelma
17%
G9 Luna
17%
G10 Maritta
17%
G11 Nadja
17%
G14 Rebekka
17%
G15 Stella
17%
G16 Tellervo
17%
G18 Verna
17%
G1 Anitta
16%
G3 Eleonoora
16%
G6 Ilmi
16%
G7 Justiina
16%
G8 Kaino
16%
G9 Livia
16%
G10 Marketta
16%
G11 Nita
16%
G13 Päivä
16%
G13 Pipsa
16%
G14 Raakel
16%
G14 Rauni
16%
G15 Salme
16%
G15 Sirkku
16%
G16 Tuire
16%
G10 Milena
15%
G13 Piritta
15%
G15 Sirja
15%
G15 Soila
15%
G15 Susanne
15%
G18 Virve
15%
G3 Eine
14%
G3 Elna
14%
G8 Kanerva
14%
G9 Lilian
14%
G16 Talvikki
14%
G16 Teresa
14%
G18 Valpuri
14%
G18 Vanamo
14%
G3 Else
13%
G5 Hely
13%
G10 Mailis
13%
G10 Manta
13%
G13 Pälvi
13%
G14 Raita
13%
G15 Sanelma
13%
G16 Toini
13%
G18 Vaula
13%
G18 Viena
13%
G1 Ainikki
12%
G3 Elea
12%
G7 Juliaana
12%
G8 Kerttuli
12%
G9 Leeni
12%
G10 Mirkka
12%
G15 Saini
12%
G5 Hilppa
11%
G10 Maini
11%
G10 Mikaela
11%
G15 Silva
11%
G15 Suometar
11%
G16 Tyyni
11%
G18 Virva
11%
G5 Hellin
10%
G8 Klaara
10%
G9 Lauha
10%
G9 Lemmikki
10%
G15 Suoma
10%
G16 Terhikki
10%
G16 Tuovi
10%
G18 Varma
10%
G18 Vellamo
10%
G6 Immi
9%
G15 Sivi
9%
G15 Solja
9%
G15 Sorja
9%
G8 Kastehelmi
8%
G10 Mielikki
8%
G12 Oivi
8%
G16 Tuomi
8%
G6 Iro
7%
G13 Pulmu
7%
G14 Rauna
7%
G10 Margareeta
5%
G15 Signe
5%
Ehtoja vastaavia visoja ei löytynyt
Tulosjakauma
Jokaisen tuloksen saaneiden osuus
Persentiili vastausten määrän mukaan
Tuloshistoriasi
Et ole pelannut tätä visaa sen viimeisimmän päivityksen jälkeen